Leader xxxxxxxxxx
001 __ PCLIS00006144
005 __ 20230320141459.0
010 0_ |a957-13-1577-X|b平裝|dNT$150
100 __ |a19870509d1995 m y0chiy09 e
101 1_ |achi|cjpn
102 __ |atw
105 __ |ay z 000ay
200 1_ |a遇見100%的女孩|f村上春樹著|g賴明珠譯
205 __ |a二版
210 __ |a臺北市|c時報文化|d1995[民84]
215 0_ |a196, [4]面|d21公分
225 1_ |a藍小說|v905
225 2_ |a村上春樹作品集
300 __ |a作者號由adm取自出版社,由t561改回
300 __ |a原譯名: 看袋鼠的好日子
410 _0 |12001 |a村上春樹作品集
517 1_ |a遇見100%的女孩|zchi
517 1_ |a看袋鼠的好日子|zchi
606 __ |2cst|a短篇小說
681 __ |a861.57|b8354
681 __ |a861.57|b8476 88 V.905 c1
681 __ |a861.57|b8476 88 V.905
700 _1 |a村上|b春樹|f1949- |4著
702 _1 |a賴|b明珠|4譯
801 _0 |atw|b內湖高中|c20010622
801 _2 |atw|b內湖高中|c20230320|gCCR
|